| 000 | 00538nam a2200169 4500 | ||
|---|---|---|---|
| 001 | 143937 | ||
| 003 | ES-MaACL | ||
| 005 | 20230906200918.0 | ||
| 007 | t| | ||
| 008 | 070214s1973 sp r ||||1| spa d | ||
| 100 | 1 |
_aShaw, Donald L. _9106026 |
|
| 245 | 1 | 0 |
_aHistoria de la Literatura española / _cDonald L. Shaw ; [traducción castellana de Helena Calsamiglia]. _pEl siglo XIX. |
| 260 |
_aBarcelona : _bAriel, _c1973. |
||
| 300 |
_a296 p. ; _c21 cm. |
||
| 700 | 1 |
_aCalsamiglia, Helena. _933785 |
|
| 852 |
_aES-MaACL _jC-56133 _bR.88751 |
||
| 999 |
_c143937 _d143937 |
||